ARAMIZDA KALSIN!:ANNENLE BABANIN DERDİ NE? (Record no. 785720)
[ view plain ]
| 000 -LEADER | |
|---|---|
| sabit uzunluktaki kontrol alanı | 00311nam a2200097Ia 4500 |
| 001 - KONTROL NUMARASI | |
| kontrol alanı | 785720 |
| 005 - EN SON İŞLEMİN TARİH VE ZAMANI | |
| kontrol alanı | 20250826170306.0 |
| 008 - SABİT-UZUNLUKTA VERİ ÖĞELERİ--GENEL BİLGİ | |
| sabit uzunluktaki kontrol alanı | 250824s9999 xx 000 0 und d |
| 245 #0 - ESER / YAZAR | |
| ESER ADI | ARAMIZDA KALSIN!:ANNENLE BABANIN DERDİ NE? |
| Yazar Adı | JEAN-PHİLİPPE RAYNAUD-MİCHEL VİGNES-YANN AUTRET |
| 260 ## - YAYIN, DAĞITIM, VB. | |
| YAYIN EVİ | GENÇ TİMAŞ YAYINLARI |
| Düşüm durumu | Kayıp durumu | Hasar Durumu | Ödünç verilmez | Ana kütüphane | Geçerli Kütüphane | Edinilen tarih | Toplam ödünç verme sayısı | Barkod | Son görüntüleme tarihi | Fiyatın geçerli olmaya başladığı tarih | Koha materyal türü |
|---|---|---|---|---|---|---|---|---|---|---|---|
| HOCACİHAN ORTAOKULU | HOCACİHAN ORTAOKULU | 24.08.2025 | 10512645 | 26.08.2025 | 26.08.2025 | Books |